000 00278nam a2200097Ia 4500
001 663247
005 20250826160209.0
008 250824s9999 xx 000 0 und d
245 0 _aİSLAMİ TEBLİĞİN MEKKE DÖNEMİ VE İŞKENCE
_cİHSAN SÜRAYYA SIRMA
260 _bBEYAN YAYINLARI
999 _c663247
_d663247